Villes du Chapitre 7 de Fortnite - Statistiques

Statistiques générales
  • Ce quiz a été pris 13 fois
  • Le résultat moyen est 3 sur 13
Statistiques - réponses
Hint Réponse % Correct
W... Wonkeeland
60%
Bo... Boulevard de la Gloire
40%
Sé... Séjour Sylvestre
40%
C... Canyon Confidentiel
30%
E... Escale Espresso
30%
Ba... Baie Bossue
20%
P... Pelouse Paisible
20%
St... Studios Sus
20%
V... Vagues Vaniteuses
20%
D... Désert Divertissant
10%
L... Laboratoire Innoloop
10%
P... Paysages Postiches
10%
H... Hauteurs Harmonieuses
0%
Aucun quiz correspondant
Distribution des résultats
% des personnes avec chaque résultat
Percentile par nombre de réponses
Votre historique - résultats
Vous n’avez pas pris ce quiz